Charles Stanley's handbook for Christian living. (Record no. 1739)
[ view plain ]
| 000 -LEADER | |
|---|---|
| fixed length control field | 00906cam a2200313 a 4500 |
| 001 - CONTROL NUMBER | |
| control field | 45856991 |
| 003 - CONTROL NUMBER IDENTIFIER | |
| control field | OCoLC |
| 005 - DATE AND TIME OF LATEST TRANSACTION | |
| control field | 20180920151327.0 |
| 008 - FIXED-LENGTH DATA ELEMENTS--GENERAL INFORMATION | |
| fixed length control field | 010731s1996 tnu 001 0 eng |
| 010 ## - LIBRARY OF CONGRESS CONTROL NUMBER | |
| LC control number | 00135742 |
| 020 ## - INTERNATIONAL STANDARD BOOK NUMBER | |
| International Standard Book Number | 0785267026 |
| 020 ## - INTERNATIONAL STANDARD BOOK NUMBER | |
| International Standard Book Number | 9780785267027 |
| 035 ## - SYSTEM CONTROL NUMBER | |
| System control number | (OCoLC)45856991 |
| 040 ## - CATALOGING SOURCE | |
| Original cataloging agency | DLC |
| Transcribing agency | DLC |
| Modifying agency | OCO |
| -- | BAKER |
| -- | BTCTA |
| -- | YDXCP |
| -- | CIRBC |
| 042 ## - AUTHENTICATION CODE | |
| Authentication code | pcc |
| 050 10 - LIBRARY OF CONGRESS CALL NUMBER | |
| Classification number | BV4501.2 |
| Item number | .S71934 1996b |
| 082 04 - DEWEY DECIMAL CLASSIFICATION NUMBER | |
| Classification number | 248.4 |
| Item number | S787C |
| 092 ## - LOCALLY ASSIGNED DEWEY CALL NUMBER (OCLC) | |
| Classification number | 248.4861 |
| Item number | S7873c |
| 100 1# - MAIN ENTRY--PERSONAL NAME | |
| Personal name | Stanley, Charles F. |
| 240 10 - UNIFORM TITLE | |
| Uniform title | Glorious journey |
| 245 10 - TITLE STATEMENT | |
| Title | Charles Stanley's handbook for Christian living. |
| 246 30 - VARYING FORM OF TITLE | |
| Title proper/short title | Handbook for Christian living |
| 260 ## - PUBLICATION, DISTRIBUTION, ETC. | |
| Place of publication, distribution, etc. | Nashville, Tenn. : |
| Name of publisher, distributor, etc. | Thomas Nelson, |
| Date of publication, distribution, etc. | c1996. |
| 300 ## - PHYSICAL DESCRIPTION | |
| Extent | x, 515 p. ; |
| Dimensions | 25 cm. |
| 500 ## - GENERAL NOTE | |
| General note | Includes index. |
| 650 #0 - SUBJECT ADDED ENTRY--TOPICAL TERM | |
| Topical term or geographic name entry element | Christian life |
| General subdivision | Baptist authors. |
| 700 1# - ADDED ENTRY--PERSONAL NAME | |
| Personal name | Stanley, Charles F. |
| Title of a work | Glorious journey. |
| 942 ## - ADDED ENTRY ELEMENTS (KOHA) | |
| Source of classification or shelving scheme | Dewey Decimal Classification |
| Koha item type | Books |
| Withdrawn status | Lost status | Source of classification or shelving scheme | Damaged status | Not for loan | Collection code | Home library | Current library | Shelving location | Date acquired | Cost, normal purchase price | Total Checkouts | Full call number | Barcode | Date last seen | Price effective from | Koha item type |
|---|---|---|---|---|---|---|---|---|---|---|---|---|---|---|---|---|
| Dewey Decimal Classification | Non-fiction | Harvest Mission College | Harvest Mission College | General Stacks | 20.09.2018 | 2300.00 | 248.4 S787C | 003358 | 20.09.2018 | 20.09.2018 | Books |
